| 000 | 00589nam a2200241Ia 4500 | ||
|---|---|---|---|
| 003 | OSt | ||
| 005 | 20230426155901.0 | ||
| 008 | 210423s2011 xx 000 0 und d | ||
| 020 | _a9788120342521 | ||
| 040 | _cAL | ||
| 041 | _aeng | ||
| 082 |
_a332.1 _223 _bWALC |
||
| 100 |
_aWALSH (Carl E) _993605 |
||
| 245 | _aMonetary theory and policy | ||
| 250 | _a3 | ||
| 260 |
_aNew Delhi _bPHI Learning Pvt Ltd _c2011 |
||
| 300 |
_axxi,613 _bPB |
||
| 365 | _cINR | ||
| 650 |
_aBanking _993606 |
||
| 650 |
_aEconomics _993607 |
||
| 906 | _aMonetary ; policy ; theory | ||
| 942 |
_2ddc _cBK |
||
| 999 |
_c161158 _d161158 |
||